The effectiveness of promotion agencies at attracting foreign direct investment (Record no. 289960)

000 -LEADER
fixed length control field 00598cam a22001697a 4500
008 - FIXED-LENGTH DATA ELEMENTS--GENERAL INFORMATION
fixed length control field 180718b2004 xxu||||| |||| 00| 0 eng d
020 ## - INTERNATIONAL STANDARD BOOK NUMBER
International Standard Book Number 0821356062
082 ## - DEWEY DECIMAL CLASSIFICATION NUMBER
Classification number T478 M831
100 ## - MAIN ENTRY--PERSONAL NAME
Personal name Morisset, Jacques
245 ## - TITLE STATEMENT
Title The effectiveness of promotion agencies at attracting foreign direct investment
Statement of responsibility, etc. by Jacques Morisset and Kelly Andrews-Johnson
260 ## - PUBLICATION, DISTRIBUTION, ETC.
Place of publication, distribution, etc. Washington, D.C.
Name of publisher, distributor, etc. World Bank
Date of publication, distribution, etc. 2004
300 ## - PHYSICAL DESCRIPTION
Extent 108p.
440 ## - SERIES STATEMENT/ADDED ENTRY--TITLE
Title Occasional paper/Foreign investment advisory service; 16
650 ## - SUBJECT ADDED ENTRY--TOPICAL TERM
Topical term or geographic name entry element Industrial promotion
650 ## - SUBJECT ADDED ENTRY--TOPICAL TERM
Topical term or geographic name entry element Investments, Foreign
700 ## - ADDED ENTRY--PERSONAL NAME
Personal name Andrews-Johnson, Kelly
Holdings
Withdrawn status Lost status Damaged status Not for loan Permanent Location Current Location Date acquired Full call number Barcode Date last seen Price effective from Koha item type
        Indian Institute of Public Administration Indian Institute of Public Administration 2003-12-26 T478 M831 WB9859 2018-07-20 2018-07-20 WB

Powered by Koha